[Event "Baden-ch BM"]
[Site "Karlsruhe"]
[Date "2003.04.21"]
[Round "5.10"]
[White "Widmann, Volker"]
[Black "Mehne, Claudius"]
[Result "0-1"]
[WhiteElo "2284"]
[BlackElo "2133"]
[PlyCount "72"]
[EventDate "2003.04.18"]
[EventType "swiss"]
[EventRounds "11"]
[EventCountry "GER"]
[SourceTitle "EXT 2004"]
[Source "ChessBase"]
[SourceDate "2003.11.25"]
[SourceVersion "1"]
[SourceVersionDate "2003.11.25"]
[SourceQuality "1"]

1. d4 d5 2. Nc3 Nc6 3. e4 dxe4 4. d5 Ne5 5. Qd4 Ng6 6. h4 e5 7. Qxe4 Nf6 8. Qc4 h6 9. Bd2 Bd6 10. 0-0-0 a6 11. Ne4 Nxe4 12. Qxe4 0-0 13. h5 Ne7 14. g4 f5 15. Qg2 fxg4 16. f3 Nxd5 17. Bc4 Be6 18. fxg4 Nf4 19. Bxe6+ Nxe6 20. Qd5 Qf6 21. Nh3 Qf7 22. Kb1 Nd4 23. Qa5 Qc4 24. g5 Qxc2+ 25. Ka1 Qd3 26. Rc1 b6 27. Qa4 Qxd2 28. Qc4+ Kh8 29. gxh6 Qxh6 30. Rhg1 Qe6 31. Qd3 Qf5 32. Qg3 Rf7 33. h6 gxh6 34. Qh4 Nf3 35. Qxh6+ Rh7 36. Qe3 Nxg1 0-1

[Event "Baden-ch BM"]
[Site "Karlsruhe"]
[Date "2003.04.19"]
[Round "3.11"]
[White "Szenetra, Werner"]
[Black "Mehne, Claudius"]
[Result "1/2-1/2"]
[WhiteElo "2176"]
[BlackElo "2133"]
[PlyCount "29"]
[EventDate "2003.04.18"]
[EventType "swiss"]
[EventRounds "11"]
[EventCountry "GER"]
[SourceTitle "EXT 2004"]
[Source "ChessBase"]
[SourceDate "2003.11.25"]
[SourceVersion "1"]
[SourceVersionDate "2003.11.25"]
[SourceQuality "1"]

1. d4 d5 2. Nd2 Nc6 3. Ngf3 Bg4 4. c3 e6 5. Qb3 Rb8 6. e3 a6 7. Bd3 Nf6 8. 0-0 Bd6 9. Qc2 0-0 10. Re1 Re8 11. h3 Bh5 12. g4 Bg6 13. Bxg6 hxg6 14. c4 dxc4 15. Nxc4 1/2-1/2